000 00443nam a2200169Ia 4500
008 230711s9999||||xx |||||||||||||| ||und||
041 _aENG
082 _a621
_bCO-O
100 _aCoughlin,Robert F.
245 0 _aOperational amplifiers and linear integrated circuits
250 _a6th . . Ed.
260 _c2006
_aNew Delhi
_bPearson
300 _a557
650 _aElectronics Engineering
700 _aDriscoll,Frederick F.
942 _cBK
999 _c4112
_d4112